| 000 | 00323nam a22001217a 4500 | ||
|---|---|---|---|
| 040 | _cNust | ||
| 082 |
_a621.3848 _bSKO |
||
| 100 |
_aMerrill I. Skolnik _9127448 |
||
| 245 | _aIntroduction to Radar system | ||
| 260 |
_aNew York: _bMcgraw Hill, _c1962. |
||
| 650 |
_aIntroduction to Radar system _9127449 |
||
| 942 |
_2ddc _cBK |
||
| 999 |
_c612573 _d612573 |
||